MARC details
| 000 -CABECERA |
| campo de control de longitud fija |
01018nam a22002897a 4500 |
| 003 - IDENTIFICADOR DEL NÚMERO DE CONTROL |
| campo de control |
MX-MxUPN |
| 005 - FECHA Y HORA DE LA ÚLTIMA TRANSACCIÓN |
| campo de control |
20240610132329.0 |
| 008 - ELEMENTOS DE LONGITUD FIJA--INFORMACIÓN GENERAL |
| campo de control de longitud fija |
240523s2008 mx ao||gr|||| 00| 0 spa d |
| 020 ## - NÚMERO INTERNACIONAL NORMALIZADO PARA LIBROS |
| Número Internacional Estándar del Libro |
9788486279554 |
| 040 ## - FUENTE DE LA CATALOGACIÓN |
| Centro catalogador/agencia de origen |
MX-MxUPN |
| Lengua de catalogación |
spa |
| 041 ## - CÓDIGO DE IDIOMA |
| Código de lengua del texto/banda sonora o título independiente |
spa |
| -- |
eng |
| 050 04 - SIGNATURA TOPOGRÁFICA DE LA BIBLIOTECA DEL CONGRESO |
| Número de clasificación |
F1221 M35 |
| Número de documento/Ítem |
M37 2008 |
| 100 0# - ASIENTO PRINCIPAL--NOMBRE PERSONAL |
| 9 (RLIN) |
52285 |
| Nombre de persona |
María Sabina, |
| Fechas asociadas al nombre |
1894-1985 |
| 245 10 - MENCIÓN DE TÍTULO |
| Título |
Soy la mujer remolino |
| 246 01 - FORMA VARIANTE DE TÍTULO |
| Título propio/Titulo breve |
Whirling woman who looks inside |
| 260 ## - PUBLICACIÓN, DISTRIBUCIÓN, ETC. |
| Lugar de publicación, distribución, etc. |
Oaxaca de Juárez, Oaxaca : |
| Nombre del editor, distribuidor, etc. |
Editorial Almadía : |
| -- |
Zare Books, |
| Fecha de publicación, distribución, etc. |
2008. |
| 300 ## - DESCRIPCIÓN FÍSICA |
| Extensión |
[60] páginas : |
| Otras características físicas |
ilustraciones, fotografías |
| 600 04 - ASIENTO SECUNDARIO DE MATERIA - NOMBRE PERSONAL |
| 9 (RLIN) |
52287 |
| Nombre de persona |
María Sabina, |
| Fechas asociadas al nombre |
1894-1985 |
| Subdivisión general |
Crítica e interpretación |
| 600 14 - ASIENTO SECUNDARIO DE MATERIA - NOMBRE PERSONAL |
| 9 (RLIN) |
52286 |
| Nombre de persona |
María Sabina, |
| Fechas asociadas al nombre |
1894-1985 |
| Subdivisión de forma |
Poesía |
| 650 #4 - ASIENTO SECUNDARIO DE MATERIA - TERMINO TEMATICO |
| 9 (RLIN) |
52291 |
| Término de materia o nombre geográfico como elemento de entrada |
Mazatecas |
| Subdivisión de forma |
Biografía |
| 700 1# - ASIENTO SECUNDARIO--NOMBRE DE PERSONAL |
| 9 (RLIN) |
52288 |
| Nombre de persona |
Schwartz, Janet |
| Término indicativo de función/relación |
traducción |
| 700 1# - ASIENTO SECUNDARIO--NOMBRE DE PERSONAL |
| 9 (RLIN) |
52289 |
| Nombre de persona |
Zarebska, Carla |
| Término indicativo de función/relación |
traducción |
| 700 1# - ASIENTO SECUNDARIO--NOMBRE DE PERSONAL |
| 9 (RLIN) |
52290 |
| Nombre de persona |
Tzu, María |
| Término indicativo de función/relación |
ilustración |
| 902 ## - ELEMENTOS DE DATOS B LOCAL, LDB (RLIN) |
| Creó |
MarisolLicea/23052024 |
| Modificó |
MaríaRobles/100624 |
| 942 ## - ELEMENTOS DE PUNTO DE ACCESO ADICIONAL (KOHA) |
| Fuente del sistema de clasificación o colocación |
Library of Congress Classification |
| Tipo de ítem Koha |
Libro |
| Suprimir en OPAC |
No |